000 00295nam a2200121Ia 4500
008 190216s9999||||xx |||||||||||||| ||und||
100 _aCharles Kittel
245 0 _aIntroduction To Solid State Physics
260 _bWiley Eastern Ltd
_c1979
300 _a599p
650 _aChemistry
942 _cBK
999 _c2163
_d2163